000 00688nam a2200241 i 4500
001 bg
100 1 _aFOWLER, Alan
245 1 0 _aJak skutecznie negocjować /
_cAlan Fowler ; [tł. z ang. Ilona Morżoł].
246 _iTyt. oryg.:
_aNegotiation skills and strategies
260 _aWarszawa :
_bPETIT,
_c1997.
300 _a188 s. :
_b21 cm.
500 _aOryg.: "Negotiation skills and strategies" 2nd ed. 1996.
504 _aIndeks.
650 9 _aNegocjacje
_xmetody
700 1 _aMORŻOŁ, Ilona.
_eTł.
020 _a8385292X
040 _cBPK
041 1 _apl
_hen
080 _a65.011
920 _a83-85292-X
942 _cKS
008 s pl f |000 0 pol
999 _c31363
_d31363
856 _uhttp://koha.tu.koszalin.pl/cgi-bin/koha/opac-detail.pl?biblionumber=31363
_yKatalog online BPK